000 00729nam a2200229Ia 4500
001 10372
003 GE_BSU
008 181216s||||||||xx |||||||||||||| ||und||
040 _cGE_BSU
080 _a82-93:821.353.1-1
100 _aტაბიძე,გალაქტიონ
245 _aმამულო,სიცოცხლეო
245 _bლექსების კრებული
245 _cრედ.ირ.აბაშიძე
260 _aთბილისი
260 _bსახელგამი
260 _c1943
300 _a56გვ.22სმ.
653 _aლექსების კრებული
653 _aმამულო,სიცოცხლეო
942 _cBK
999 _c43637
_d43637